00563nam a2200157 a 450000100100000000500170001000800410002704000250006808200160009324500630010926000570017230000340022950000920026350400260035570000240038100003608420200930074849.0111129s2005 dr ac 000 0 spa d aDO-SdBNPbspacBNPHU axxxxbC965c00aCuerpo a cuerpo /ccoordinación Luis Molina ...[et al.]. aSanto Domingo :bCentro Cultural de España,c2005. a63 p. :bil., retr. ;c25 cm. aExposición del 13 de julio al 10 de septiembre 2005 en el Centro Cultural de España aBibliografía : p.611 aMolina, Luisecood.